00000000nam 2200000zi 4500
0019.948229
003CaOODSP
00520250707145612
006m     o  d f      
007cr |n|||||||||
008250220t20252025onc     ob   f000 0 eng d
020 |a9780660758978
040 |aCaOODSP|beng|erda|cCaOODSP
043 |an-cn---
0861 |aBT22-224/1-2025E-PDF
24500|aGuide to advance payments.
264 1|aOttawa, Ontario : |bTreasury Board of Canada, Secretariat, |c2025.
264 4|c©2025
300 |a1 online resource (17 unnumbered pages)
336 |atext|btxt|2rdacontent
337 |acomputer|bc|2rdamedia
338 |aonline resource|bcr|2rdacarrier
500 |aIssued also in French under title: Guide sur les paiements anticipés.
500 |a"Published: 2025-02-03."
504 |aIncludes bibliographical references (page [14]).
650 0|aGovernment spending policy|zCanada.
650 0|aFinance, Public|zCanada.
7101 |aCanada. |bTreasury Board, |eissuing body.
77508|tGuide sur les paiements anticipés.|w(CaOODSP)9.948230
795 |tGuide to advance payments.|b[2020]|w(CaOODSP)9.885855
85640|qPDF|s279 KB|uhttps://publications.gc.ca/collections/collection_2025/sct-tbs/BT22-224-1-2025-eng.pdf
8564 |qHTML|sN/A|uhttps://www.tbs-sct.canada.ca/pol/doc-eng.aspx?id=32646&section=html